000 01363 a2200277 4500
003 Nust
005 20170207154022.0
010 _a 2004042040
020 _a0471649538 (cloth : acid-free paper)
040 _cNust
082 0 0 _a621.382
100 1 _aSimon, Marvin Kenneth,
245 1 0 _aDigital communication over fading channels (E-Book)
_cMarvin K. Simon and Mohamed-Slim Alouini.
250 _a2nd ed.
260 _aHoboken, N.J. :
_bWiley-Interscience,
_cc2005.
300 _axxxiv, 900 p. :
_bill. ;
_c25 cm.
440 0 _aWiley series in telecommunications and signal processing
505 _aPART 1:- FUNDAMENTALS (Page-3) PART 2:- MATHEMATICAL TOOLS (Page-83) Part 3:- OPTIMUM RECEPTION AND PERFORMANCE EVALUATION (Page-189) Part 4:- MULTIUSER COMMUNICATION SYSTEMS (Page-639) PART 5:- CODED COMMUNICATION SYSTEMS (Page-759)
650 0 _aDigital communications
_xReliability
_xMathematics.
650 0 _aRadio
_xTransmitters and transmission
_xFading.
651 _a(E-Book)
700 1 _aAlouini, Mohamed-Slim.
856 4 2 _3Contributor biographical information
_uhttp://www.loc.gov/catdir/enhancements/fy0617/2004042040-b.html
856 4 2 _3Publisher description
_uhttp://www.loc.gov/catdir/description/wiley042/2004042040.html
856 4 2 _3Table of contents only
_uhttp://www.loc.gov/catdir/toc/wiley041/2004042040.html
942 _2ddc
_cBK
999 _c191713
_d191713